000 00494nam a2200169 4500
001 115872
003 ES-MaACL
005 20231228173804.0
007 t|
008 061121s1900 sp r ||||1| spa d
100 1 _aOrs, Eugenio d',
_d1881-1954
_987358
245 1 0 _aEstilo de la filosofĂ­a de Vives /
_cpor Eugenio d'Ors.
260 _a[s.l.] :
_bEdiciones Historia,
_c[19__?]
300 _a89 p. ;
_c12 cm.
852 _aES-MaACL
_j1829-F-10
_bR.19424
999 _c115872
_d115872